European journal of environmental sciences

Gespeichert in:
Bibliographische Detailangaben
Format: Schriftenreihe
Sprache:Englisch
Veröffentlicht: Praha Univerzita Karlova v Praze. Nakladatelství Karolinum 2012
Schlagworte:
Tags: Tag hinzufügen
Keine Tags, Fügen Sie das erste Tag hinzu!

MARC

LEADER 00000nas2a2200000 4500
001 0228105
005 20170310134153.2
022 |a 1805-0174 
041 0 |a eng 
044 |a CZ 
245 1 0 |a European journal of environmental sciences 
264 1 |a Praha  |b Univerzita Karlova v Praze. Nakladatelství Karolinum  |c 2012 
773 0 |w eu_un_cat*0149473 
610 2 0 |a prostredie životné 
610 2 0 |a vedy prírodné 
610 2 0 |a znečistenie prostredia životného 
610 2 0 |a ochrana prostredia životného